| 000 | 00804nam a22002537a 4500 | ||
|---|---|---|---|
| 005 | 20230624103513.0 | ||
| 008 | 230624b ||||| |||| 00| 0 eng d | ||
| 020 | _a8129109468 | ||
| 040 | _cAL | ||
| 041 | _aeng | ||
| 082 |
_223 _a320.954 _bRAJD |
||
| 100 |
_aPrakash A Raj _9124765 |
||
| 245 |
_aDancing Democracy: _bThe Power of the Third Eye |
||
| 260 |
_aNew Delhi _bRupa & Co _c2006 |
||
| 300 |
_ax,138p. _bPB _c20x13ACM. |
||
| 365 |
_2Poitical Science _b195.00 _c₹ _d195.00 |
||
| 520 | _aBalanced overview of politics, public uprisings in Nepal. illus. excellent introduction | ||
| 650 |
_aPolitical Parties _9124760 |
||
| 650 |
_aMaoists _9124761 |
||
| 650 |
_aRoyal Nepal Army _9124762 |
||
| 650 |
_aConstituent Assembly _9124763 |
||
| 700 |
_aRAJ (Prakash A) _9124764 |
||
| 942 |
_2ddc _cDB |
||
| 999 |
_c227648 _d227648 |
||